01017nam a2200301 i 4500001000700000003000900007005001700016007000300033008004100036080001700077080001700094080001700111080001700128100002800145245011800173250001300291260005600304300004500360490005600405500001400461504003200475546002400507651002800531651002800559700003700587830005600624852003500680177267ES-MaACL20230906220306.0t|110311s1968 fr abdf |||| | fre d a913:338(460) a338:913(460) a913:338(469) a338:913(469)1 aVilá Valentí, Juan.13aLa Péninsule Ibérique / cpar J. Vilá Valentí ; traduit de l'espagnol par Hélène Leconte de Martonne. a1e éd. aParis : bPresses Universitaires de France, c1968. a290, [8] p. de lám. : bil. ; c19 cm.1 aMagellan. La Géographie et ses problèmes ; v13 aÍndice. aBibliografía: p. 273-285. aTexto en francés. 4aEspaña-xGeografía. 4aPortugal-xGeografía.1 aLeconte de Martonne, Hélène.0 aMagellan. La Géographie et ses problèmes ; v13 aES-MaACLjE-14668 xOlim P-507